000 00316 a2200145 4500
001 160427
020 _a
040 _cMagnum
100 _aMachado, Maria Clara
240 1 0 _aLila e sibila e o aniversario
_lpor
245 1 0 _aLila e sibila e o aniversario
362 0 _a1899
697 _aIJ/GERAL
942 _cBK
999 _c160427
_d160427